[Event "UKR-ch U16 Girls"]
[Site "Vinnytsia"]
[Date "2018.03.13"]
[Round "8"]
[White "Dubovyk, Anastasiia"]
[Black "Popovska, Kateryna"]
[Result "0-1"]
[WhiteElo "1797"]
[BlackElo "1508"]
[PlyCount "158"]
[EventDate "2018.03.07"]
[EventType "tourn"]
[EventRounds "11"]
[EventCountry "UKR"]
[SourceTitle "CBM 183 Extra"]
[Source "ChessBase"]
[SourceDate "2018.04.19"]
[SourceVersion "1"]
[SourceVersionDate "2018.04.19"]
[SourceQuality "1"]

1. e4 c5 2. Nf3 Nc6 3. Bb5 g6 4. Bxc6 dxc6 5. 0-0 Bg7 6. h3 e5 7. d3 Qe7 8. Nc3 Nf6 9. Be3 0-0 10. a4 b6 11. Nd2 Be6 12. b3 Nd7 13. Nf3 h6 14. Qd2 Kh7 15. Nh2 f5 16. exf5 gxf5 17. f4 Rg8 18. Kh1 exf4 19. Bxf4 Bxc3 20. Qxc3 Bd5 21. Rf3 Bxf3 22. Nxf3 Qg7 23. Qxg7+ Rxg7 24. Re1 Rag8 25. Nh4 Rf7 26. Kh2 Rgg7 27. Re6 Rf6 28. Rxf6 Nxf6 29. Nxf5 Rg6 30. Ne7 Rg7 31. Nf5 Rg8 32. Bxh6 Re8 33. Bf4 Re2 34. c4 Nd7 35. Bc1 Ne5 36. Bf4 Nxd3 37. Bb8 Rb2 38. Bxa7 Rxb3 39. Ne7 Rb4 40. a5 bxa5 41. Nxc6 Rxc4 42. Nxa5 Ra4 43. Bb6 c4 44. Nxc4 Rxc4 45. Be3 Kg6 46. g4 Nf4 47. h4 Re4 48. Ba7 Ne2 49. Kh3 Kf6 50. Bb8 Re3+ 51. Kg2 Re8 52. Ba7 Nf4+ 53. Kf3 Ng6 54. Bd4+ Kf7 55. h5 Ne5+ 56. Kf4 Nxg4 57. Bb2 Rg8 58. Bc3 Nf6 59. Kf5 Nxh5 60. Be5 Ng3+ 61. Kf4 Re8 62. Bd6 Ne4 63. Be5 Nc5 64. Bc3 Re4+ 65. Kf5 Ke7 66. Bd2 Kd6 67. Bf4+ Kd5 68. Bg3 Re8 69. Bh4 Rf8+ 70. Kg6 Ke6 71. Kg7 Rf4 72. Bd8 Rg4+ 73. Kh6 Kf5 74. Be7 Ne6 75. Kh5 Rg7 76. Bg5 Rxg5+ 77. Kh6 Kf6 78. Kh7 Rg3 79. Kh8 Kf7 0-1

[Event "UKR-ch U16 Girls"]
[Site "Vinnytsia"]
[Date "2018.03.07"]
[Round "1"]
[White "Vidruk, Mariya"]
[Black "Popovska, Kateryna"]
[Result "1-0"]
[WhiteElo "1842"]
[BlackElo "1508"]
[PlyCount "58"]
[EventDate "2018.03.07"]
[EventType "tourn"]
[EventRounds "11"]
[EventCountry "UKR"]
[SourceTitle "CBM 183 Extra"]
[Source "ChessBase"]
[SourceDate "2018.04.19"]
[SourceVersion "1"]
[SourceVersionDate "2018.04.19"]
[SourceQuality "1"]

1. b3 c5 2. Bb2 Nc6 3. e3 Nf6 4. Nf3 g6 5. d4 cxd4 6. exd4 d5 7. Bd3 Bg7 8. Nbd2 0-0 9. 0-0 Bg4 10. h3 Bxf3 11. Nxf3 Qd6 12. Re1 Rac8 13. Qd2 Rc7 14. a4 Rfc8 15. Ba3 Qd8 16. b4 e6 17. b5 Nb8 18. Ra2 Nbd7 19. Bd6 Rc3 20. Bb4 R3c7 21. a5 Bf8 22. a6 Bxb4 23. Qxb4 Nb6 24. Ne5 Qe7 25. Qxe7 Rxe7 26. axb7 Rxb7 27. Nc6 Rcc7 28. Rea1 Nc8 29. Kf1 Kf8 1-0